| 000 | 00796nam a2200217 a 4500 | ||
|---|---|---|---|
| 005 | 20210219160400.0 | ||
| 008 | 081028s2000 mx r 000 0 spa d | ||
| 035 | _aUPN01000164447 | ||
| 049 | _aUNE | ||
| 080 | _a02: 371.13 =40 FOI. | ||
| 100 | 1 | _aFointaine, France | |
| 245 | 1 | 0 | _aPrincipes directeurs pour la rèdaction d' objectifs d'apprentissage en bibliotéconomie, en sciences de l' information et en archivistique/ France Fontaine et Paulette Bernhard. |
| 260 | _aParis : UNESCO, 1988. | ||
| 300 | _a128 p. | ||
| 440 | 0 | _aPGI- 88/WS/10 | |
| 690 | _aFormacion de docentes- Bibliotecarios | ||
| 690 | _aCiencias de la informacion- Formacion de docentes | ||
| 700 | 1 | _aBernhard, Paulette, coaut. | |
| 710 | 2 | _aPGI. Programa General de Información y Unisist | |
| 905 | _aUNESCO | ||
| 999 |
_c136559 _d136559 |
||